000 00579nam a2200205Ia 4500
003 GCL
008 140319s9999 xx 000 0 ara d
040 _aGCL /
_cGCL
082 0 4 _aط
_b817
_bج ل
100 1 _aلجنة التاليف والترجمة
245 1 0 _aجحا وجارة /
_cلجنة التاليف والترجمة
300 _a16 ص
490 _aنوادر جحا
_v0
650 0 4 _aالاطفال
650 0 4 _aالقصص
650 0 4 _aقصص الاطفال
650 0 4 _aالفكاهات
650 0 4 _aالفكاهات العربية
942 _2ddc
_cBK
999 _c51300
_d51300